00370nam a2200097Ia 45000010005000000080041000050820031000461000054000772450117001312600024002484141241024s9999 xx 000 0 und d aRD/348.97293/R426a/27-2013 aRepública Dominicana. Ministerio de Educación 0aResolucación No. 27-2013 que establece una nueva escala y ajuste salarial a los docentes del sistema educativo bSanto Domingoc2014